LEADER 01119nam 2200349Ia 450 001 996388147603316 005 20200824125216.0 035 $a(CKB)1000000000630488 035 $a(EEBO)2248552486 035 $a(OCoLC)ocm12417695e 035 $a(OCoLC)12417695 035 $a(EXLCZ)991000000000630488 100 $a19850823d1645 uy | 101 0 $alat 135 $aurbn||||a|bb| 200 10$aDe causis errorum$b[electronic resource] $euna cum tractatu de religione laici, et appendice ad sacerdotes, nec non quibusdam poematibus 210 $aLondini $c[Typis Joannia Raworth]$d1645 215 $a[2], 124 p 300 $aReproduction of original in Union Theological Seminary Library. 300 $aAttributed to Edward Herbert. cf. NUC pre-1956. 330 $aeebo-0160 606 $aLogic$vEarly works to 1800 615 0$aLogic 700 $aHerbert of Cherbury$b Edward Herbert$cBaron,$f1583-1648.$01001659 801 0$bEAA 801 1$bEAA 801 2$bm/c 801 2$bWaOLN 906 $aBOOK 912 $a996388147603316 996 $aDe causis errorum$92327235 997 $aUNISA LEADER 04390nam a2200481Ii 4500 001 991003244139707536 006 m d 007 cr cn||||||||| 008 070806s2004 ne a sb 001 0 eng d 020 $a9780124287518 020 $a0124287514 035 $ab13654457-39ule_inst 037 $a101411:101420$bElsevier Science & Technology$nhttp://www.sciencedirect.com 040 $aOPELS$cOPELS 049 $aTEFA 082 04$a004.6/5$222 082 04$a621.382$222 100 1 $aKumar, Anurag.$0622135 245 10$aCommunication networking$h[electronic resource] :$ban analytical approach /$cAnurag Kumar, D. Manjunath, Joy Kuri. 260 $aAmsterdam ;$aBoston :$bElsevier/Morgan Kaufmann,$cc2004. 300 $axxvii, 929 p. :$bill. ;$c25 cm. 440 4$aThe Morgan Kaufmann series in networking 504 $aIncludes bibliographical references (p. [873]-894) and index. 505 0 $aPreface -- 1 Introduction: Two Examples -- 2 Networking: Elements and Practice -- Part I - Multiplexing -- 3 Multiplexing: Performance Measures, Engineering Issues -- 4 Stream Sessions: Deterministic Network Analysis -- 5 Stream Sessions: Stochastic Analysis -- 6 Circuit Multiplexing -- 7 Adaptive Bandwidth Sharing for Elastic Traffic -- 8 Multiple Access: Wireless Networks -- Part II - Switching -- 9 Performance and Architecture Issues -- 10 Queuing in Packet Switches -- 11 Switching Fabrics -- 12 Packet Processing -- Part III - Routing -- 13 Routing: Engineering Issues -- 14 Shortest Path Routing of Elastic Aggregates -- 15 Virtual Path Routing of Elastic Aggregates -- 16 Routing of Stream-Type Sessions -- Part IV - Appendices -- A - Glossary of Terminology and Notation -- B - A Review of some Mathematical Concepts -- C - Convex Optimization -- D - Discrete Event Random Processes -- E - Complexity Theory -- Bibliography -- Index. 520 $aThe viewpoint is that communication networking is about efficient resource sharing. The focus is on the three building blocks of communication networking, namely, multiplexing, switching and routing. The approach is analytical, with the discussion being driven by mathematical analyses of and solutions to specific engineering problems. The result? A comprehensive, effectively organized treatment of core engineering issues in communication networking. Written for both the networking professional and for the classroom, this book covers fundamental concepts in detail and places design issues in context by drawing on real world examples from current technologies. Systematically uses mathematical models and analyses to drive the development of a practical understanding of core network engineering problems. Provides in-depth coverage of many current topics, including network calculus with deterministically-constrained traffic, congestion control for elastic traffic, packet switch queuing, switching architectures, virtual path routing, and routing for quality of service. Includes over 200 hands-on exercises and class-tested problems, dozens of schematic figures, a review of key mathematical concepts, and a glossary. 533 $aElectronic reproduction.$bAmsterdam :$cElsevier Science & Technology,$d2007.$nMode of access: World Wide Web.$nSystem requirements: Web browser.$nTitle from title screen (viewed on Aug. 2, 2007).$nAccess may be restricted to users at subscribing institutions. 650 0$aTelecommunication systems$xManagement. 650 0$aMultiplexing. 650 0$aTelecommunication$xSwitching systems. 650 0$aRouters (Computer networks) 655 7$aElectronic books.$2local 700 1 $aManjunath, D. 700 1 $aKuri, Joy.$eauthor$4http://id.loc.gov/vocabulary/relators/aut$0737861 776 1 $cOriginal$z0124287514$z9780124287518$w(DLC) 2004274429$w(OCoLC)55603020 856 40$3Referex$uhttp://www.sciencedirect.com/science/book/9780124287518$zAn electronic book accessible through the World Wide Web; click for information 856 41$zTable of contents$uhttp://www.loc.gov/catdir/toc/els051/2004274429.html 856 42$zPublisher description$uhttp://catdir.loc.gov/catdir/description/els051/2004274429.html 907 $a.b13654457$b24-02-22$c24-01-08 912 $a991003244139707536 994 $aC0$bTEF 996 $aCommunication networking$91461220 997 $aUNISALENTO 998 $ale029$b24-01-08$cm$dm $e-$feng$gne $h0$i0 LEADER 01782oam 2200445M 450 001 9910716270903321 005 20200213071029.7 035 $a(CKB)5470000002519414 035 $a(OCoLC)1065754922 035 $a(OCoLC)995470000002519414 035 $a(EXLCZ)995470000002519414 100 $a20071213d1926 ua 0 101 0 $aeng 135 $aurcn||||||||| 181 $ctxt$2rdacontent 182 $cc$2rdamedia 183 $acr$2rdacarrier 200 10$aTo designate the times and places of holding terms of the United States District Court for the District of New Jersey. April 1, 1926. -- Referred to the House Calendar and ordered to be printed 210 1$a[Washington, D.C.] :$c[U.S. Government Printing Office],$d1926. 215 $a1 online resource (1 page) 225 1 $aHouse report / 69th Congress, 1st session. House ;$vno. 755 225 1 $a[United States congressional serial set ] ;$v[serial no. 8532] 300 $aBatch processed record: Metadata reviewed, not verified. Some fields updated by batch processes. 300 $aFDLP item number not assigned. 606 $aDistrict courts 606 $aLegislative amendments 606 $aTerms of court 608 $aLegislative materials.$2lcgft 615 0$aDistrict courts. 615 0$aLegislative amendments. 615 0$aTerms of court. 701 $aYates$b Richard$f1860-1936$pRepublican (IL)$01386170 801 0$bWYU 801 1$bWYU 801 2$bOCLCO 801 2$bOCLCQ 906 $aBOOK 912 $a9910716270903321 996 $aTo designate the times and places of holding terms of the United States District Court for the District of New Jersey. April 1, 1926. -- Referred to the House Calendar and ordered to be printed$93515039 997 $aUNINA